Fundamentals of Surveying (Record no. 544063)

000 -LEADER
fixed length control field 00396nam a22001457a 4500
082 ## - DEWEY DECIMAL CLASSIFICATION NUMBER
Classification number 526.9
Author Mark SCH
-- L-16, P-48.
100 ## - MAIN ENTRY--PERSONAL NAME
Personal name Schmidt, Milton. O
9 (RLIN) 39601
245 ## - TITLE STATEMENT
Title Fundamentals of Surveying
Statement of responsibility, etc. Schmidt, Milton. O
250 ## - EDITION STATEMENT
Edition statement 2nd
260 ## - PUBLICATION, DISTRIBUTION, ETC.
Place of publication, distribution, etc. New York
Name of publisher, distributor, etc. D. Van Nostrand
Date of publication, distribution, etc. 1978
300 ## - PHYSICAL DESCRIPTION
Extent 450. p :
Dimensions 31
526 ## - STUDY PROGRAM INFORMATION NOTE
Program name 0
Interest level 0
Reading level 0
Title point value 526_900000000000000_SCH
650 ## - SUBJECT ADDED ENTRY--TOPICAL TERM
Topical term or geographic name entry element MCE
9 (RLIN) 379
942 ## - ADDED ENTRY ELEMENTS (KOHA)
Source of classification or shelving scheme
Koha item type Book
Holdings
Withdrawn status Lost status Source of classification or shelving scheme Damaged status Not for loan Permanent Location Current Location Date acquired Total Checkouts Total Renewals Full call number Barcode Date last seen Date last checked out Price effective from Koha item type
          Military College of Engineering (MCE) Military College of Engineering (MCE) 04/10/2014 2 1 526.9 SCH MCE-5543 01/30/2019 01/10/2019 04/10/2014 Book
© 2023 Central Library, National University of Sciences and Technology. All Rights Reserved.